Effectiveness of forest management in kampong cham troy sdoam forestry administration division of kampong cham forestry administration cantonment, ប្រសិទ្ធភាពនៃការគ្រប់គ្រងព្រៃឈើក្នុងផ្នែករដ្នបាលព្រៃឈើកំពង់ចាមត្រើយស្ដាំ ខណ្ឌរដ្ឋបាល ព្រៃឈើកំពង់ចាម (Record no. 3436)

000 -LEADER
fixed length control field 00792nam a22001337a 4500
040 ## - CATALOGING SOURCE
Transcribing agency RUA
082 ## - DEWEY DECIMAL CLASSIFICATION NUMBER
Classification number FOR YOU 2012 B142 Or.1
100 ## - MAIN ENTRY--AUTHOR NAME
Personal name YOU, RATHA.
245 ## - TITLE STATEMENT
Title Effectiveness of forest management in kampong cham troy sdoam forestry administration division of kampong cham forestry administration cantonment, ប្រសិទ្ធភាពនៃការគ្រប់គ្រងព្រៃឈើក្នុងផ្នែករដ្នបាលព្រៃឈើកំពង់ចាមត្រើយស្ដាំ ខណ្ឌរដ្ឋបាល ព្រៃឈើកំពង់ចាម
260 ## - PUBLICATION, DISTRIBUTION, ETC. (IMPRINT)
Place of publication Phnom Penh
Name of publisher RUA
Year of publication 2012
300 ## - PHYSICAL DESCRIPTION
Number of Pages ix; 54p.
Other physical details ill.
Dimensions 29cm.
856 ## - ELECTRONIC LOCATION AND ACCESS
Uniform Resource Identifier https://drive.google.com/file/d/1QfYoldXld4L-IwL1HvoBjBRuiR_LMiEs/view?usp=sharing
942 ## - ADDED ENTRY ELEMENTS (KOHA)
Koha item type FOR
952 ## - LOCATION AND ITEM INFORMATION (KOHA)
Withdrawn status [LOCAL, KOHA] 0
952 ## - LOCATION AND ITEM INFORMATION (KOHA)
Withdrawn status [LOCAL, KOHA] 0
952 ## - LOCATION AND ITEM INFORMATION (KOHA)
Withdrawn status [LOCAL, KOHA] 0
952 ## - LOCATION AND ITEM INFORMATION (KOHA)
Withdrawn status [LOCAL, KOHA] 0
952 ## - LOCATION AND ITEM INFORMATION (KOHA)
Withdrawn status [LOCAL, KOHA] 0
952 ## - LOCATION AND ITEM INFORMATION (KOHA)
Withdrawn status [LOCAL, KOHA] 0
952 ## - LOCATION AND ITEM INFORMATION (KOHA)
Withdrawn status [LOCAL, KOHA] 0
952 ## - LOCATION AND ITEM INFORMATION (KOHA)
Withdrawn status [LOCAL, KOHA] 0
Holdings
Permanent Location Date acquired Koha item type Lost status Shelving location Barcode Current Location Full call number
Library Block B2015-11-14FOR B142RUA026845Library Block BFOR YOU 2012 B142 Or.1
Library Block B2015-11-14FOR B142RUA026773Library Block BFOR YOU 2012 B142 Or.2
Library Block B2015-11-14FOR B142RUA026857Library Block BFOR YOU 2012 B142 Or.3
Library Block B2015-11-14FOR B142RUA026929Library Block BFOR YOU 2012 B142 Or.4
Library Block B2015-11-14FOR B142RUA026846Library Block BFOR YOU 2012 B142 Or.5
Library Block B2015-11-14FOR B142RUA028406Library Block BFOR YOU 2012 B142 Or.6
Library Block B2015-11-14FOR B142RUA028475Library Block BFOR YOU 2012 B142 Or.7
Library Block B2015-11-14FOR B142RUA028853Library Block BFOR YOU 2012 B142 Or.8
មជ្ឈមណ្ឌលឯការនៃសាកលវិទ្យាល័យភូមិន្ទកសិកម្មចំការដូង

Powered by Koha